MARC

LEADER 00000nam0a2200000 4500
001 36479
005 20231101210356.0
035 |a (RuTPU)RU\TPU\book\36952 
035 |a BOOK00003604 
090 |a 36479 
100 |a 20011210d1965 k y0rusy50 ca 
101 0 |a rus 
102 |a RU 
105 |a a z 001zy 
200 1 |a Газоанализаторы  |f В. А. Павленко 
210 |a Москва  |c Машиностроение  |d 1965 
210 |a Ленинград 
215 |a 296 с.  |c ил. 
320 |a Библиогр.: с. 282-294. 
606 1 |a Газоанализаторы  |x (химия)  |2 stltpush  |3 (RuTPU)RU\TPU\subj\4547  |9 32805 
610 1 |a приборостроение 
610 1 |a газы 
610 1 |a приборы 
610 1 |a конструкции 
610 1 |a схемы 
675 |a 543.27  |v 3 
675 |a 662.613  |v 3 
700 1 |a Павленко  |b В. А 
801 0 |a RU  |b 63413507  |c 20011210  |g PSBO 
801 2 |a RU  |b 63413507  |c 20141112  |g PSBO 
900 |a Спецкурс 72 
942 |c BK